| 000 | 00590nam a2200193Ia 4500 | ||
|---|---|---|---|
| 003 | GCL | ||
| 008 | 140319s9999 xx 000 0 ara d | ||
| 040 |
_aGCL / _cGCL |
||
| 082 | 0 | 4 |
_a832 _bب ج |
| 100 | 1 | _aسعدالله ونوس | |
| 245 | 1 | 0 |
_aجان دارك قديسة المسالخ / _cسعدالله ونوس |
| 700 | 1 | _aبريشت، بروتولد | |
| 700 | 1 | _aنبيل حفار | |
| 300 | _a159 ص | ||
| 490 |
_a100 قصة _v0 |
||
| 650 | 0 | 4 | _aالمسرحيات الالمانية المترجمة |
| 650 | 0 | 4 | _aالادب الالمانى المترجم |
| 942 |
_2ddc _cBK |
||
| 999 |
_c46753 _d46753 |
||